अथातो मृत्युजिज्ञासा. (Record no. 778273)

MARC details
000 -LEADER
fixed length control field 00658nam a2200181Ia 4500
008 - FIXED-LENGTH DATA ELEMENTS--GENERAL INFORMATION
fixed length control field 100921s9999 xx 000 0 und d
082 ## - DEWEY DECIMAL CLASSIFICATION NUMBER
Item number 29160
Classification number 120 थ 97
100 ## - MAIN ENTRY--PERSONAL NAME
Personal name अडसुळे प्रभाकर.
245 ## - TITLE STATEMENT
Title अथातो मृत्युजिज्ञासा.
260 ## - PUBLICATION, DISTRIBUTION, ETC. (IMPRINT)
Name of publisher, distributor, etc ---
Date of publication, distribution, etc 1997
300 ## - PHYSICAL DESCRIPTION
Extent 408
Other physical details ---
365 ## - TRADE PRICE
Price amount 250
520 ## - SUMMARY, ETC.
Summary, etc तत्वज्ञान-जीवन-मरण.
630 ## - SUBJECT ADDED ENTRY--UNIFORM TITLE
Uniform title अथातो मृत्युजिज्ञासा.
650 ## - SUBJECT ADDED ENTRY--TOPICAL TERM
Topical term or geographic name as entry element तत्वज्ञान-जीवन-मरण.
730 ## - ADDED ENTRY--UNIFORM TITLE
Uniform title अथातो मृत्युजिज्ञासा.
942 ## - ADDED ENTRY ELEMENTS (KOHA)
Koha item type Book
Holdings
Withdrawn status Lost status Damaged status Not for loan Home library Current library Shelving location Date acquired Cost, normal purchase price Total Checkouts Barcode Date last seen Price effective from Koha item type Public note
        Lo. Tilak Granthasangrahalaya, Wai Lo. Tilak Granthasangrahalaya, Wai     250.00   WAITILAKGS-29160 09/21/2010 09/21/2010 Book देवघेव